[Event "Sao Jose dos Campos op"]
[Site "Sao Jose dos Campos"]
[Date "2021.10.09"]
[Round "2"]
[White "Carvalho, Heracles Elieser"]
[Black "Carmo, Jose Arlindo"]
[Result "1-0"]
[WhiteElo "1800"]
[BlackElo "1650"]
[PlyCount "57"]
[EventDate "2021.10.09"]
[EventType "swiss"]
[EventRounds "7"]
[EventCountry "BRA"]
[SourceTitle "CBM 204 Extra"]
[Source "ChessBase"]
[SourceDate "2021.11.30"]
[SourceVersion "1"]
[SourceVersionDate "2021.11.30"]
[SourceQuality "1"]

1. d4 d5 2. Nf3 Nf6 3. c4 c6 4. Nc3 g6 5. cxd5 cxd5 6. Bf4 Bg7 7. e3 0-0 8. h3 a6 9. Bd3 Nc6 10. Ne5 Be6 11. Nxc6 bxc6 12. Be5 Bh6 13. Bxf6 exf6 14. 0-0 Rb8 15. Bxa6 Rxb2 16. Na4 Rb8 17. Nc5 Qa5 18. a4 Rb6 19. Bd3 Rfb8 20. Qe1 Qxe1 21. Rfxe1 Bf8 22. a5 Rb2 23. a6 Bxc5 24. dxc5 Bc8 25. a7 Ra8 26. Reb1 Rb7 27. Rb6 Rbxa7 28. Rxa7 Rxa7 29. Rb8 1-0